Państwa które kiedykolwiek odwiedziły kosmos - Statystyki

Ogólne statystyki
  • Ten quiz został rozwiązany 360 razy
  • Średni wynik to 26 z 39
Statystyki odpowiedzi
Państwa % Poprawnych
USA
99%
Polska
99%
Rosja (ZSRR)
97%
Chiny
92%
Niemcy (NRD)
92%
Francja
90%
Kanada
90%
Japonia
85%
Brazylia
84%
Hiszpania
84%
Meksyk
83%
Wielka Brytania
83%
Indie
80%
Włochy
80%
Szwecja
75%
Ukraina
75%
Czechy (Czechosłowacja)
74%
Korea Południowa
73%
Austria
65%
Holandia
63%
Belgia
62%
Dania
60%
Republika Południowej Afryki
60%
Szwajcaria
60%
Iran
59%
Kazachstan
59%
Arabia Saudyjska
58%
Rumunia
57%
Słowacja
57%
Węgry
57%
Bułgaria
51%
Izrael
48%
Mongolia
42%
Wietnam
40%
Kuba
37%
Zjednoczone Emiraty Zjednoczone
37%
Malezja
28%
Syria
25%
Afganistan
23%
Nie znaleziono quizów pasujących do podanych kryteriów
Rozkład punktacji
Procent ludzi z każdym wynikiem
Percentyl według liczby udzielonych odpowiedzi
Twoja historia wyników
Nie rozwiązałeś tego quizu